Shakespeare : Hamlet
محفوظ في:
| المؤلف الرئيسي: | |
|---|---|
| التنسيق: | كتاب |
| اللغة: | Undetermined |
| منشور في: |
Cambridge UK
Cambridge University Press
2004
|
| الموضوعات: | |
| الوسوم: |
إضافة وسم
لا توجد وسوم, كن أول من يضع وسما على هذه التسجيلة!
|
| Thư viện lưu trữ: | Trung tâm Học liệu Trường Đại học Cần Thơ |
|---|
| LEADER | 00613nam a2200217Ia 4500 | ||
|---|---|---|---|
| 001 | CTU_167607 | ||
| 008 | 210402s9999 xx 000 0 und d | ||
| 020 | |c 20.99 | ||
| 082 | |a 822.33 | ||
| 082 | |b C232 | ||
| 100 | |a Cantor, Paul Arthur | ||
| 245 | 0 | |a Shakespeare : | |
| 245 | 0 | |b Hamlet | |
| 245 | 0 | |c Paul A. Cantor | |
| 260 | |a Cambridge UK | ||
| 260 | |b Cambridge University Press | ||
| 260 | |c 2004 | ||
| 650 | |a Hamlet (Legendary character),Nhân vật truyền thuyết | ||
| 650 | |x Tragedy,Bi kịch | ||
| 904 | |i Trọng Hiếu | ||
| 980 | |a Trung tâm Học liệu Trường Đại học Cần Thơ | ||